• 首页
  • 本馆介绍
  • 公告通知
  • 最新文献
  • 馆藏检索
  • 电子资源
  • 读者导购
  • 参考咨询
  • 我的图书馆
  • 登录
  • 详细信息显示
  • 放入我的书架
  • 预约/预借图书
  • 作者相关作品
  • 分类相关作品
  • 丛书相关作品
  • 出版社相关作品

书目信息

  • 表格格式
  • 工作单格式
  • 卡片格式
题名:
中国民歌主题小提琴曲集
    
 
作者: 杨林 编曲 ;莫若伟 , 韩田配 钢琴伴奏
分册:  
出版信息: 北京   人民音乐出版社  2003
页数: 74页
开本: 30cm
丛书名:
单 册:
中图分类: J647.21
科图分类:
主题词: 小提琴--器乐曲--中国--选集 , 器乐曲 , 小提琴
电子资源:
ISBN: 7-103-02578-9
000 00787ncm0 2200253 450
001 002191851
005 20070807084536.87
010    @a7-103-02578-9@dCNY21.20(含分册)
100    @a20030814d2003 em y0chiy0110 ea
101 0  @achi
102    @aCN@b110000
105    @ag z 000yy
200 1  @a中国民歌主题小提琴曲集@9zhong guo min ge zhu ti xiao ti qin qu ji@e西部情愫@f杨林等编曲@g莫若伟,韩田配钢琴伴奏
210    @a北京@c人民音乐出版社@d2003
215    @a74页@d30cm
606 0  @a小提琴@x器乐曲@y中国@j选集
606 0  @a器乐曲
606 0  @a小提琴
690    @aJ647.21@v4
701  0 @a杨林@9yang lin@c(音乐)@4编曲
702  0 @a莫若伟@9mo ruo wei@4钢琴伴奏
702  0 @a韩田配@9han tian pei@c(音乐)@4钢琴伴奏
801  0 @aCN@bNLC@c20070807
905    @a10447@dJ647.21@e142:1
    
    中国民歌主题小提琴曲集:西部情愫/杨林等编曲/莫若伟,韩田配钢琴伴奏.-北京:人民音乐出版社,2003
    74页;30cm
    
    
    ISBN 7-103-02578-9:CNY21.20(含分册)
    
●
相关链接 在E读中查询图书 在五车中查询图书 在当当中查询图书 在豆瓣中查询图书


正题名:中国民歌主题小提琴曲集     索取号:J647.21/142:1         预约/预借

序号 登录号 条形码 馆藏地/架位号 状态 备注
1 0802942   208029426   第一样本阅览室/ [索取号:J647.21/142:1] 在馆    
2 0802943   208029435   第一借阅区/ [索取号:J647.21/142:1] 在馆    
3 0802944   208029444   第一借阅区/ [索取号:J647.21/142:1] 在馆    
4 0802945   208029453   第一借阅区/ [索取号:J647.21/142:1] 在馆    
5 0802946   208029462   音乐系资料室/ [索取号:J647.21/142:1] 在馆    
唐山师范学院图书馆 欢迎您!
大连网信软件有限公司© 版权所有